Finanzbuchhaltung Einführung in das betriebliche Rechnungswesen programmiert
Salvato in:
| Autore principale: | |
|---|---|
| Natura: | Libro |
| Lingua: | tedesco |
| Pubblicazione: |
Düsseldorf
IDW
1991
|
| Edizione: | 7. überarb. Aufl. |
| Soggetti: | |
| Tags: |
Nessun Tag, puoi essere il primo ad aggiungerne!!
|
MARC
| LEADER | 00000nam a2200000 4500 | ||
|---|---|---|---|
| 001 | c016713 | ||
| 005 | 20221206114600.0 | ||
| 020 | |a 3-8021-0505-2 | ||
| 041 | 0 | |a ger | |
| 044 | |a DE | ||
| 245 | 1 | 0 | |a Finanzbuchhaltung |b Einführung in das betriebliche Rechnungswesen programmiert |c Klaus Dittmar Haase |
| 250 | |a 7. überarb. Aufl. | ||
| 264 | 1 | |a Düsseldorf |b IDW |c 1991 | |
| 300 | |a 234 s. | ||
| 610 | 2 | 0 | |a účtovníctvo |
| 610 | 2 | 0 | |a účty |
| 610 | 2 | 0 | |a financie |
| 610 | 2 | 0 | |a evidencia účtovná |
| 610 | 2 | 0 | |a účtovníctvo finančné |
| 610 | 2 | 0 | |a tovar |
| 610 | 2 | 0 | |a doprava |
| 610 | 2 | 0 | |a spoločnosti s r.o. |
| 610 | 2 | 0 | |a spoločnosti akciové |
| 610 | 2 | 0 | |a kapitál |
| 610 | 2 | 0 | |a mzdy |
| 610 | 2 | 0 | |a zásoby |
| 610 | 2 | 0 | |a zisk |
| 610 | 2 | 0 | |a hospodárstvo podnikové |
| 100 | 1 | |a Haase, Klaus Dittmar | |